000 00295 a2200121 4500
001 86548
082 _a398.2 LOK
090 _c40725
_d40725
100 _aIjaz Hussain
245 _aHeritage & Folklore GM-07 (Only DVD)
260 _aIslamabad
_bLok Virsa Islamabad
_c2012
500 _aLok Virsa
942 _aCAENUST
_k398.2 LOK
999 _c321621
_d321621